000 00331nam a2200133Ia 4500
082 _a621.815
_bMAH
100 _aMahadevan,K
245 _aDESIGN DATA HAND BOOK FOR MECHANICAL ENGINEERS
250 _a4th Ed.
260 _bCBS Publishers & Distributer
_aNew Delhi
_c2013
300 _a497p.
700 _aReddy,K.B
942 _2ddc
_cBK
999 _c5803
_d5803